000 00338 a2200085 4500
999 _c18965
_d18965
003 WA 310
005 20211022094719.0
008 211022s2002 pl a|||f|u||| 00| 0 pol d
020 _a8324303308
040 _cWA 310
_aWA 310
041 1 _apol
_heng
245 0 0 _aKamery wizyjne (PAL/SECAM/NTSC) Metody pomiarów - Część 2: Kamery profesjonalne z dwoma i trzema przetwornikami obrazu PN-EN 61146-2:2002P /
_cNKP nr 103.
246 1 3 _aPN-EN 61146-2
246 1 3 _aICS 33.160.40
246 3 1 _aVideo cameras (PAL/SECAM/NTSC) - Methods of measurement - Part 2: Two- and three-sensor professional cameras (IEC 61146-2:1997)
260 _aWarszawa :
_bPolski Komitet Normalizacyjny,
_c2002.
300 _a47 stron ;
_c30 cm.
336 _2rdacontent
_aTekst
_btxt
337 _2rdamedia
_aBez urządzenia pośredniczącego
_bn
338 _2rdacarrier
_aWolumin
_bnc
500 _aWprowadza EN 61146-2:1997, IDT ; IEC 61146-2:1997, IDT ; Zastępuje PN-EN 61146-2:2002 wersja angielska; Zatwierdzona 23 grudnia 2002 r.
500 _aNorma Europejska EN 61146-2:1997 ma status Polskiej Normy
500 _aStatus: aktualna
650 _aPolska norma
920 _a83-243-0330-8
942 _2ddc
_cBK